| 000 | 00827cam a2200301 4500 | ||
|---|---|---|---|
| 008 | 090401t1995 xxu||||| |||| 00| 0 eng d | ||
| 020 | _a085406690X | ||
| 035 | _a(Sirsi) u62014 | ||
| 041 | _aeng | ||
| 050 | _a711.30968 | ||
| 090 | _aRICS 1995/33ABCD | ||
| 100 | _aGregory, Tony | ||
| 245 | _aUrban land management in Botswana, Lesotho, Swaziland. | ||
| 260 |
_aLondon _bRICS _c1995 |
||
| 300 | _a9p. : ill.,maps ; 30cm. | ||
| 350 | _a0 | ||
| 490 | _aRICS Foundation Our Common Estate Series | ||
| 650 | _aLAND MANAGEMENT | ||
| 650 | _aOUR COMMON ESTATE | ||
| 650 | _aPLANNING | ||
| 650 | _aSOUTHERN AFRICA | ||
| 650 | _aURBAN AREAS | ||
| 650 | _aURBANISATION | ||
| 690 | _aOVERSEAS-REST OF THE WORLD | ||
| 710 |
_aRoyal Institution of Chartered Surveyors _94900 |
||
| 942 | _n0 | ||
| 948 | _c04/03/1997 | ||
| 999 |
_c94365 _d94365 |
||